|
|
|
|
| LEADER |
01328nam a2200265 a 4500 |
| 001 |
12151628 |
| 008 |
110111s2001 enkab b 001 0 eng d |
| 010 |
|
|
|a 00045446
|
| 020 |
|
|
|a 0631224637 (acid-free paper)
|
| 020 |
|
|
|a 063120069X (pbk. : acid-free paper)
|
| 040 |
|
|
|a DLC
|c DLC
|d DLC
|d BD-DhAAL
|
| 082 |
0 |
0 |
|a 910/.02
|2 21
|
| 100 |
1 |
|
|a Goudie, Andrew.
|
| 245 |
1 |
4 |
|a The nature of the environment /
|c Andrew Goudie.
|
| 250 |
|
|
|a 4th ed.
|
| 260 |
|
|
|a Oxford, UK ;
|a Malden, Mass. :
|b Blackwell Publishers,
|c 2001.
|
| 300 |
|
|
|a xv, 544 p. :
|b ill. (some col.), maps ;
|c 24 cm.
|
| 504 |
|
|
|a Includes bibliographical references and index.
|
| 541 |
1 |
|
|e 00021697
|
| 650 |
|
0 |
|a Physical geography.
|
| 852 |
4 |
|
|a Ayesha Abed library
|c General Shelf.
|
| 999 |
|
|
|c 10299
|d 10299
|
| 952 |
|
|
|0 0
|1 0
|2 ddc
|4 0
|6 910_020000000000000_GOU
|7 0
|9 13772
|a BRACUL
|b BRACUL
|c GEN
|d 2011-01-12
|e TRIM EDUCATION
|l 4
|m 23
|o 910.02 GOU
|p 3010021697
|r 2025-07-09
|s 2025-06-29
|t 1
|w 2011-01-12
|y BK
|
| 952 |
|
|
|0 0
|1 0
|2 ddc
|4 0
|6 910_020000000000000_GOU
|7 0
|9 13773
|a BRACUL
|b BRACUL
|c GEN
|d 2011-01-12
|e TRIM EDUCATION
|l 3
|m 31
|o 910.02 GOU
|p 3010021698
|r 2026-05-13
|s 2026-02-19
|t 2
|w 2011-01-12
|y BK
|
| 952 |
|
|
|0 0
|1 0
|2 ddc
|4 0
|6 910_020000000000000_GOU
|7 0
|9 14177
|a BRACUL
|b BRACUL
|c GEN
|d 2011-01-24
|e TRIM EDUCATION
|g 3850.00
|l 3
|m 38
|o 910.02 GOU
|p 3010021808
|r 2026-04-11
|s 2026-03-05
|t 3
|w 2011-01-24
|y BK
|